| 000 | 01447nam0a22002651 4500 | ||
|---|---|---|---|
| 001 | rc\549879 | ||
| 005 | 20260406134727.0 | ||
| 035 | _a(NLR Aleph) 005785984 | ||
| 090 |
_a5150351 _c5150351 |
||
| 100 | _a20030616d1988 |||y0rusy50 ca | ||
| 101 | 0 | _arus | |
| 102 | _aRU | ||
| 105 | _ay ||||||||| | ||
| 200 | 1 |
_aЭкономические проблемы научно-технической революции в системе АПК _eТез. выступлений [конф., 6-8 дек. 1988 г. _fОтв. ред. Ли Н.Н.] |
|
| 210 |
_aЦелиноград _cБ. и. _d1988 |
||
| 215 |
_a158, [1] с. _d20 |
||
| 300 | _aВ надзаг.: Целиногр. с.-х. ин-т, Секция "Филос.-методол. пробл. с.-х. наук" ФО СССР, Целиногр. орг. ФО СССР, Филос. клуб "Мыслитель" | ||
| 702 | 1 |
_aЛи _bН.Н. _gНиколай Николаевич _4340 |
|
| 712 | 0 | 2 |
_aЦелиноградский сельскохозяйственный институт _3RU\NLR\AUTH\889917735 _9331618 |
| 712 | 1 | 2 |
_a"Философско-социальные и экон. проблемы науч.-техн. революции в сельском хозяйстве и других сферах АПК", всесоюзная науч. конф. _f1988 _eЦелиноград |
| 801 | 0 |
_aRU _bNLR _gpsbo |
|
| 801 | 1 |
_aRU _bELAR _2rusmarc |
|
| 852 |
_aNLR _j88-3/15176 |
||
| 942 | _cBOOK | ||
| 980 | _aNB | ||